000 00490nam a2200169Ia 4500
008 210210b1999 xxu||||| |||| 00| 0 eng d
020 _a0 7167 3761 2
082 _a547 BLEO
100 _aBLEI (Ira) & ODIAN (George).
245 _aOrganic and biochemistry connecting chemistry to your life.
250 _a
260 _aNew York
_bW H Freeman & Co.
_c1999
300 _axvii,551,I-9
650 _aChemistry Organic Biochemistry Life
690 _aOrganic Chemistry
906 _a055891
999 _c103260
_d103260